000 01555cam a2200373 a 4500
001 1164748
003 OSt
005 20140310182730.0
008 961009s1997 nyua 001 0 eng
010 _a 96046445
020 _a0471175021 (paper : alk. paper)
040 _aDLC
_cDLC
_dDLC
050 0 0 _aQA 76.76.O63
_b.R853 1997
100 1 _aRuley, John D.,
245 1 0 _aNetworking Windows NT 4.0 :
_bworkstation and server /
_cJohn D. Ruley [with] David Methvin, Tom Henderson, Martin Heller.
260 _aNew York :
_bWiley Computer Pub.,
_c1997.
300 _axviii, 666 p. :
_bill. ;
_c24 cm.
500 _aRev. ed. of: Networking Windows NT 3.51. 2nd ed. c1995.
504 _aIncludes bibliographical references and index.
521 _aIT
526 _c1210L-1700L
562 _eFor circulation. 1 copy available in the collection
630 0 0 _aMicrosoft Windows NT.
650 0 _aOperating systems (Computers)
650 0 _aComputer networks.
700 1 _aRuley, John D.,
_d1958-
_tNetworking Windows NT 3.51.
856 4 2 _3Contributor biographical information
_uhttp://www.loc.gov/catdir/bios/wiley042/96046445.html
856 4 2 _3Publisher description
_uhttp://www.loc.gov/catdir/description/wiley034/96046445.html
856 4 _3Table of Contents
_uhttp://www.loc.gov/catdir/toc/onix05/96046445.html
906 _a7
_bcbc
_corignew
_d1
_eocip
_f19
_gy-gencatlg
942 _2lcc
_cBK
_kFOR
999 _c15454
_d15454